日本の1府12省庁 - Statistics

General Stats
  • This quiz has been taken 233 times
  • The average score is 12 of 13
Answer Stats
名称 役割 % Correct
農林水産省 農業、林業、水産業の振興
98%
国土交通省 国土計画と交通インフラの整備
97%
内閣府
95%
文部科学省 教育政策と科学技術の振興
94%
経済産業省 産業政策と経済活動の推進
94%
外務省 国際関係と外交政策を管理
93%
環境省 環境保護と自然資源管理
93%
防衛省 国防と安全保障を担当
92%
財務省 国家財政と経済対策を策定
91%
厚生労働省 社会保障と労働政策を監督
91%
法務省 法律の制定と司法に関する業務を行う
90%
総務省 行政運営と地方行政の改善を担当
82%
委員会 国家公安委員会 警察組織を監督
60%
No matching quizzes found
Score Distribution
Percent of People with Each Score
Percentile by Number Answered
Your Score History
You have not taken this quiz